000 00478nam a2200193 a 4500
001 1763019238055
003 YourLibrary
005 20251114111525.0
008 251113s2000##################000#0#eng##
020 _a9780099282891
082 0 4 _a895.635MIS
100 1 _aMishima, Yukio,
_eauthor.
245 1 0 _aRunaway Horses :
260 _bRandom House,
_c2000.
300 _a429 pages
650 0 _aFiction.
942 _cENGLISH
040 _aYourLibrary
_beng
_cYourLibrary
999 _c597484
_d597484